Mourning ploughs the winter /

Bibliographic Details
Main Author: Jean, Guy
Other Authors: Farris, Katie, Kaminsky, Ilya, 1977-, Andrew, Veronica
Format: Book
Language:English
French
Language Notes:In English and French parallel texts.
Published: Grosse Pointe Farms, MI : Marick Press, 2012.

MARC

Tag First Indicator Second Indicator Subfields
LEADER 00000cam a2200000Ia 4500
001 in00003425921
005 20151206090826.0
008 120929s2012 miua 000 p eng d
020 |a 9781934851449 
020 |a 1934851442 
035 |a (OCoLC)ocn811605038 
035 |a (OCoLC)811605038 
040 |a BTCTA  |b eng  |c BTCTA  |d CDX  |d NUI  |d OCLCO  |d YDXCP  |d UtOrBLW 
041 1 |a eng  |a fre  |h fre 
049 |a TXAM 
050 4 |a PQ3919.3.G89  |b M68 2012 
100 1 |a Jean, Guy. 
240 1 0 |a Poems.  |k Selections.  |l English 
245 1 0 |a Mourning ploughs the winter /  |c by Guy Jean ; translated by Katie Farris & Ilya Kaminsky ; illustrations by Veronica Andrew. 
264 1 |a Grosse Pointe Farms, MI :  |b Marick Press,  |c 2012. 
300 |a 1 volume :  |b illustrations ;  |c 23 cm. 
336 |a text  |b txt  |2 rdacontent 
337 |a unmediated  |b n  |2 rdamedia 
338 |a volume  |b nc  |2 rdacarrier 
546 |a In English and French parallel texts. 
700 1 |a Farris, Katie. 
700 1 |a Kaminsky, Ilya,  |d 1977- 
700 1 |a Andrew, Veronica. 
938 |a Baker and Taylor  |b BTCP  |n BK0012234784 
938 |a Coutts Information Services  |b COUT  |n 23604568 
938 |a YBP Library Services  |b YANK  |n 9752710 
947 |a A14840336977 
945 |a PromptCat  |b 591464 
946 |a stk 
994 |a 92  |b TXA 
948 |a Cataloged  |b h  |c 2014/1/16  |d c  |e Dhernandez  |  f 4:15:48 PM 
999 |a MARS 
999 f f |s bcbb3300-001d-3ceb-b6d3-d99eefdd7ff6  |i 194246ed-6f52-31b6-b4da-35894a5a0401  |t 0 
952 f f |p normal  |a Texas A&M University  |b College Station  |c Sterling C. Evans Library  |s Evans stk  |d Evans: Library Stacks  |t 0  |e PQ3919.3.G89 M68 2012  |h Library of Congress classification  |i unmediated -- volume  |m A14840336977 
998 f f |a PQ3919.3.G89 M68 2012  |t 0  |l Evans: Library Stacks